[Event "CAN-ch U12"]
[Site "Windsor"]
[Date "2010.07.09"]
[Round "7"]
[White "Kanwischer, Alek"]
[Black "Farias, Durval"]
[Result "1-0"]
[WhiteElo "1098"]
[BlackElo "979"]
[PlyCount "81"]
[EventDate "2010.07.06"]
[EventType "swiss"]
[EventRounds "7"]
[EventCountry "CAN"]
[SourceTitle "EXT 2012"]
[Source "ChessBase"]
[SourceDate "2011.11.24"]
[SourceVersion "1"]
[SourceVersionDate "2011.11.24"]
[SourceQuality "1"]

1. e4 Nf6 2. e5 Nd5 3. Qf3 e6 4. Bc4 c6 5. Nc3 b5 6. Bxd5 exd5 7. d4 d6 8. Qe2 b4 9. exd6+ Be6 10. Na4 Bxd6 11. Nf3 0-0 12. 0-0 Bg4 13. h3 Bxf3 14. Qxf3 Bc7 15. Bf4 Bxf4 16. Qxf4 Nd7 17. c3 Nf6 18. cxb4 Nh5 19. Qf5 g6 20. Qg4 Nf6 21. Qg5 Rb8 22. a3 Qd6 23. Qe5 Qd8 24. Nc3 Re8 25. Qf4 Nh5 26. Qf3 Re6 27. Qg4 f5 28. Qd1 Qg5 29. Qf3 Nf4 30. Qg3 Qh6 31. Rae1 Nh5 32. Qxb8+ Kf7 33. Qc7+ Kf6 34. Rxe6+ Kxe6 35. Qe5+ Kf7 36. Re1 Nf6 37. Qe6+ Kg7 38. Qe7+ Kg8 39. Qxf6 Qg7 40. Re8+ Qf8 41. Rxf8# 1-0

[Event "CAN-ch U12"]
[Site "Windsor"]
[Date "2010.07.08"]
[Round "5"]
[White "Farias, Durval"]
[Black "Rice, Steven"]
[Result "0-1"]
[WhiteElo "979"]
[BlackElo "1116"]
[PlyCount "136"]
[EventDate "2010.07.06"]
[EventType "swiss"]
[EventRounds "7"]
[EventCountry "CAN"]
[SourceTitle "EXT 2012"]
[Source "ChessBase"]
[SourceDate "2011.11.24"]
[SourceVersion "1"]
[SourceVersionDate "2011.11.24"]
[SourceQuality "1"]

1. f4 d6 2. d4 f6 3. e3 Nc6 4. c4 d5 5. Bd2 dxc4 6. Bxc4 e6 7. f5 exf5 8. d5 Ne5 9. Bb5+ c6 10. dxc6 bxc6 11. Ba4 Bd7 12. Nc3 Nd3+ 13. Kf1 Nxb2 14. Qc2 Nxa4 15. Nxa4 Nh6 16. Qb3 Rb8 17. Qc4 g5 18. Nc5 Bxc5 19. Qxc5 Qc7 20. Bb4 Qe5 21. Rc1 Qxc5 22. Bxc5 a6 23. Nf3 Nf7 24. Kf2 Ne5 25. Bd6 Rb2+ 26. Kg1 Nxf3+ 27. gxf3 Rxa2 28. Re1 Ra4 29. e4 fxe4 30. fxe4 Ra5 31. e5 fxe5 32. Bxe5 0-0 33. Bd6 Rff5 34. Kg2 c5 35. Rhg1 Bc6+ 36. Kg3 Rf3+ 37. Kg4 h6 38. Re6 Kg7 39. Bc7 Ra4+ 40. Re4 Rxe4+ 41. Kxf3 Re1+ 42. Kf2 Rxg1 43. Kxg1 c4 44. Ba5 Kf6 45. Bc3+ Kf5 46. Kf2 Ke4 47. Ke2 h5 48. Bf6 g4 49. Kd2 Kf3 50. Bh4 Kg2 51. Bg3 h4 52. Bxh4 Kxh2 53. Kc3 Bb5 54. Kb4 Kh3 55. Be1 g3 56. Bxg3 Kxg3 57. Kc3 a5 58. Kb2 Kf3 59. Kc3 Ke4 60. Kb2 Kd3 61. Ka3 c3 62. Kb3 c2 63. Ka2 c1Q 64. Kb3 Qc2+ 65. Ka3 Qc3+ 66. Ka2 Bc4+ 67. Kb1 Qc2+ 68. Ka1 Qc1# 0-1

[Event "CAN-ch U12"]
[Site "Windsor"]
[Date "2010.07.07"]
[Round "4"]
[White "Jean, Justin"]
[Black "Farias, Durval"]
[Result "1-0"]
[WhiteElo "1577"]
[BlackElo "979"]
[PlyCount "119"]
[EventDate "2010.07.06"]
[EventType "swiss"]
[EventRounds "7"]
[EventCountry "CAN"]
[SourceTitle "EXT 2012"]
[Source "ChessBase"]
[SourceDate "2011.11.24"]
[SourceVersion "1"]
[SourceVersionDate "2011.11.24"]
[SourceQuality "1"]

1. e4 e5 2. Nf3 Nf6 3. Nxe5 Nxe4 4. Qe2 Nd6 5. Nc6+ Qe7 6. Nxe7 Bxe7 7. Nc3 b6 8. d3 Bb7 9. Bf4 Nc6 10. Bxd6 cxd6 11. 0-0-0 0-0-0 12. g3 Rhe8 13. Qd2 h6 14. Bg2 Bg5 15. Qxg5 hxg5 16. Bxc6 Bxc6 17. Rhg1 d5 18. Rde1 d4 19. Ne4 Bxe4 20. Rxe4 Rh8 21. Rh1 f5 22. Rxd4 Rh7 23. h4 gxh4 24. Rhxh4 Rhh8 25. Kd2 Rhe8 26. Rhf4 g6 27. g4 fxg4 28. Rxg4 Rg8 29. Rd6 Kc7 30. Rdxg6 Rxg6 31. Rxg6 a5 32. Rg4 d5 33. Rd4 Kc6 34. c4 a4 35. Rxd5 Ra8 36. Kc3 Ra5 37. Rxa5 bxa5 38. a3 Kc5 39. b3 axb3 40. Kxb3 a4+ 41. Kxa4 Kd4 42. Kb4 Kxd3 43. c5 Kd4 44. f4 Kd5 45. f5 Ke5 46. c6 Kd6 47. f6 Kxc6 48. f7 Kb6 49. f8Q Kc6 50. Qf5 Kd6 51. Kc4 Ke7 52. Qg6 Kf8 53. Qh7 Ke8 54. a4 Kd8 55. a5 Kc8 56. Kc5 Kb8 57. a6 Ka8 58. Kb6 Kb8 59. a7+ Ka8 60. Qb7# 1-0

[Event "CAN-ch U12"]
[Site "Windsor"]
[Date "2010.07.06"]
[Round "1"]
[White "Farias, Durval"]
[Black "Preotu, Razvan"]
[Result "0-1"]
[WhiteElo "979"]
[BlackElo "1606"]
[PlyCount "70"]
[EventDate "2010.07.06"]
[EventType "swiss"]
[EventRounds "7"]
[EventCountry "CAN"]
[SourceTitle "EXT 2012"]
[Source "ChessBase"]
[SourceDate "2011.11.24"]
[SourceVersion "1"]
[SourceVersionDate "2011.11.24"]
[SourceQuality "1"]

1. Nf3 Nf6 2. Nc3 d5 3. e3 c5 4. d4 e6 5. Ne5 Nc6 6. Nb5 a6 7. Be2 axb5 8. Bxb5 Qa5+ 9. Bd2 Qxb5 10. Bc3 cxd4 11. exd4 Nxe5 12. dxe5 Ne4 13. Qb1 Bb4 14. Bxb4 Qxb4+ 15. c3 Qc5 16. Rf1 Qc4 17. b3 Qxf1+ 18. Kxf1 Nd2+ 19. Ke1 Nxb1 20. Rxb1 Rxa2 21. Kf1 Bd7 22. Kg1 0-0 23. c4 Rfa8 24. g3 Bc6 25. Rd1 Ra1 26. Rxa1 Rxa1+ 27. Kg2 dxc4+ 28. Kh3 cxb3 29. f4 b2 30. Kh4 b1Q 31. g4 Qg1 32. h3 Qf2+ 33. Kh5 g6+ 34. Kg5 Kg7 35. h4 h6# 0-1

[Event "CAN-ch U12"]
[Site "Victoria"]
[Date "2009.07.22"]
[Round "5"]
[White "Farias, Durval"]
[Black "Sabaratnam, Thiruvaran Alex"]
[Result "0-1"]
[WhiteElo "828"]
[BlackElo "1632"]
[PlyCount "38"]
[EventDate "2009.07.21"]
[EventType "swiss"]
[EventRounds "7"]
[EventCountry "CAN"]
[SourceTitle "EXT 2011"]
[Source "ChessBase"]
[SourceDate "2010.11.26"]
[SourceVersion "1"]
[SourceVersionDate "2010.11.26"]
[SourceQuality "1"]

1. d4 d5 2. e3 e6 3. h4 Nf6 4. b3 b6 5. Nf3 Bb7 6. Bb2 Be7 7. Be2 Nbd7 8. Nbd2 c5 9. c4 Rc8 10. 0-0 Ne4 11. Nxe4 dxe4 12. Nd2 0-0 13. Rc1 Bxh4 14. Ba3 Bf6 15. Nxe4 Bxe4 16. f3 Bb7 17. g3 Qc7 18. f4 Qc6 19. Rf2 Qh1# 0-1